Cohort of the tropics: (Record no. 124154)
[ view plain ]
| 000 -LEADER | |
|---|---|
| fixed length control field | 00750cam a22002651i 4500 |
| 001 - CONTROL NUMBER | |
| control field | 461810 |
| 003 - CONTROL NUMBER IDENTIFIER | |
| control field | ARRUPE |
| 005 - DATE AND TIME OF LATEST TRANSACTION | |
| control field | 20160425101347.0 |
| 007 - PHYSICAL DESCRIPTION FIXED FIELD--GENERAL INFORMATION | |
| fixed length control field | hdrafb---buca |
| 007 - PHYSICAL DESCRIPTION FIXED FIELD--GENERAL INFORMATION | |
| fixed length control field | hdrbfb---baaa |
| 008 - FIXED-LENGTH DATA ELEMENTS--GENERAL INFORMATION | |
| fixed length control field | 860415s1930 enk a 000 1 eng d |
| 035 ## - SYSTEM CONTROL NUMBER | |
| System control number | (OCoLC)23755384 |
| 035 ## - SYSTEM CONTROL NUMBER | |
| System control number | (OCoLC)ocm23755384 |
| 035 ## - SYSTEM CONTROL NUMBER | |
| System control number | (CStRLIN)NYCG86-B38499 |
| 035 ## - SYSTEM CONTROL NUMBER | |
| System control number | (NNC)461810 |
| 040 ## - CATALOGING SOURCE | |
| Original cataloging agency | NN |
| Transcribing agency | NN |
| Modifying agency | NNC |
| 050 ## - LIBRARY OF CONGRESS CALL NUMBER | |
| Classification number | SPC PZ3.L567C6 |
| 300 ## - PHYSICAL DESCRIPTION | |
| Dimensions | 29cm. |
| 100 1# - MAIN ENTRY--PERSONAL NAME | |
| Personal name | Letcher, Owen. |
| 9 (RLIN) | 21740 |
| 245 10 - TITLE STATEMENT | |
| Title | Cohort of the tropics: |
| Remainder of title | A story of the Great War in Central Africa |
| Statement of responsibility, etc | / Owen Letcher |
| 260 ## - PUBLICATION, DISTRIBUTION, ETC. (IMPRINT) | |
| Place of publication, distribution, etc | London : |
| Name of publisher, distributor, etc | Printed by Waterlow & Sons, |
| Date of publication, distribution, etc | 1930. |
| 300 ## - PHYSICAL DESCRIPTION | |
| Extent | 94 p. |
| 650 ## - SUBJECT ADDED ENTRY--TOPICAL TERM | |
| Topical term or geographic name as entry element | European war 1914-1918 |
| General subdivision | Fiction |
| 9 (RLIN) | 22229 |
| 942 ## - ADDED ENTRY ELEMENTS (KOHA) | |
| Source of classification or shelving scheme | Library of Congress Classification |
| Koha item type | SPC |
| Withdrawn status | Lost status | Source of classification or shelving scheme | Damaged status | Not for loan | Collection code | Home library | Current library | Shelving location | Date acquired | Total Checkouts | Full call number | Barcode | Date last seen | Price effective from | Koha item type |
|---|---|---|---|---|---|---|---|---|---|---|---|---|---|---|---|
| Library of Congress Classification | SPECIAL Collection | ARRUPE LIBRARY | ARRUPE LIBRARY | Reference | 10/02/2016 | SPC PZ3.L567 C6 | 46500006227 | 10/02/2016 | 10/02/2016 | SPC |